01339nam a2200277 i 450000100060000000300090000600500170001500700030003200800410003510000310007624500660010725000150017326000590018830000280024750503540027570000380062970000440066770000490071170000340076070000270079470000330082170000320085485200340088699900170092095201240093723074ES-MaACL20250825050720.0t|021209s1941 sp ||||1| spa d1 aAlvarado, Salustio.92059710aSíntesis de la enseñanza media / cpor Salustio Alvarado. a[1ª ed.]. aMadrid : b[s.n., c1941] (fGráfica Administrativa) a2 v. : bil. ; c23 cm.8 aContiene: T. I: Física y Química / por Miguel A. Catalán. Ciencias naturales / por Salustio Alvarado. Lengua y Literatura / por Gonzalo Menéndez Pidal. -- T. II: Filosofía / por Vicente Feliu Egidio. Geografía / por María Comas. Historia / por Rafael Ballester Castell y Rafael Ballester Escalas. Matématicas / por Diego Montáñez1 aBallester Castell, Rafael.9250111 aCatalán, Miguel A.,d1894-19579370261 aMenéndez Pidal, Gonzalo,d1911-20089803121 aFeliu Egidio, Vicente.9492001 aComas, María.9399391 aBallester Escalas, R.9250141 aMontáñez, Diego.982400 aES-MaACLjE-1755-56 bR.22567 c23074d23074 00104070aATENEOMbATENEOMcDEPO2d2008-01-17eSCl0oE-1755-56p1023773r2023-02-23 00:00:00w2023-02-23yMONOGRAFIA